MARC

Tag First Indicator Second Indicator Subfields
LEADER 00000cam a2200000 4500
001 in00001578413
005 20220103183211.0
006 m u
007 cr cn|||||||||
008 001006s1988 nyu sb s001 0 eng
010 |z 87009980 
020 |a 0585092109 (electronic bk.) :  |c $59.50 
020 |z 0887066283 
020 |z 0887066305 (pbk.) 
035 |a 7657  |b (N$T) 
035 |a nL7657 
040 |a N$T  |c N$T  |d UtOrBLW 
050 1 0 |a JC330  |b .R673 1988eb 
082 0 4 |a 303.3/3  |2 19 
100 1 |a Rotenstreich, Nathan,  |d 1914-1993.  |0 http://id.loc.gov/authorities/names/n79007753 
245 1 0 |a Order and might /  |c Nathan Rotenstreich. 
264 1 |a Albany :  |b State University of New York Press,  |c [1988] 
264 4 |c ©1988 
300 |a 238 pages ;  |c 24 cm. 
336 |a text  |b txt  |2 rdacontent 
337 |a computer  |b c  |2 rdamedia 
338 |a online resource  |b cr  |2 rdacarrier 
490 1 |a SUNY series in philosophy 
504 |a Includes bibliographies and indexes. 
533 |a Electronic reproduction.  |b Boulder, Colo. :  |c NetLibrary,  |d 1999.  |n Available via World Wide Web.  |n Access may be limited to NetLibrary affiliated libraries. 
500 |a Electronic resource. 
650 0 |a Power (Social sciences)  |0 http://id.loc.gov/authorities/subjects/sh85105976 
650 0 |a State, The.  |0 http://id.loc.gov/authorities/subjects/sh85127474 
650 0 |a Human rights.  |0 http://id.loc.gov/authorities/subjects/sh85026379 
650 0 |a Political obligation.  |0 http://id.loc.gov/authorities/subjects/sh86006627 
655 0 |a Electronic books. 
710 2 |a NetLibrary, Inc.  |0 http://id.loc.gov/authorities/names/no99080690 
776 0 |c Original  |w (DLC) 87009980 
830 0 |a SUNY series in philosophy.  |0 http://id.loc.gov/authorities/names/n42024161 
856 4 1 |u https://proxy.library.tamu.edu/login?url=http://www.netLibrary.com/urlapi.asp?action=summary&v=1&bookid=7657  |z Connect to the full text of this electronic book  |t 0 
999 |a MARS 
999 f f |s 22d993e6-b1b7-3432-9be6-6e75c4562f4a  |i 5e959e9b-8321-3b06-afe0-e0501dabc235  |t 0 
952 f f |a Texas A&M University  |b College Station  |c Electronic Resources  |d Available Online  |t 0  |e JC330 .R673 1988eb  |h Library of Congress classification 
998 f f |a JC330 .R673 1988eb  |t 0  |l Available Online